[Event "1.FrauenBL 2019-20"]
[Site "Baden-Baden"]
[Date "2020.02.01"]
[Round "5.1"]
[White "Ratay, Meike"]
[Black "Kosteniuk, Alexandra"]
[Result "0-1"]
[WhiteElo "1973"]
[BlackElo "2504"]
[Annotator "TA"]
[PlyCount "64"]
[EventDate "2019.09.14"]
[EventType "team-tourn"]
[EventCountry "GER"]
[SourceTitle "playchess.com"]
[Source "ChessBase"]
[SourceQuality "1"]
[WhiteTeam "ERF"]
[BlackTeam "BAD"]

{[%evp 10,64,0,0,37,33,33,28,50,51,63,7,8,19,14,-4,-10,-70,-83,-82,-80,-83,-86,-75,-69,-77,-74,-70,-56,-100,-102,-84,-75,-73,-61,-126,-83,-93,-89,-105,-88,-111,-114,-232,-258,-322,-314,-305,-321,-310,-257,-346,-299,-361,-375,-427,-420]} 1. e4 c6 2. d4 d5 3. e5 Bf5 4. h4 h5 5. c4 e6 6. Nc3 Bb4 {B12: Caro-Kann: Advance Variation.} 7. Nge2 {[#]} dxc4 $146 ({Predecessor:} 7... Ne7 8. Ng3 Bg6 9. Be2 dxc4 10. Bxh5 Bd3 11. a3 Bxc3+ 12. bxc3 Nd5 13. Bd2 Qa5 14. Qc1 {1-0 (39) Willow,J (2152)-Akeya Price,R (1756) Harrogate 2018}) 8. Ng3 Bg6 {White has an edge.} 9. Bxc4 Ne7 10. a3 ({White should try} 10. O-O $1 $14) 10... Bxc3+ $11 11. bxc3 c5 12. Bg5 Nbc6 13. Bxe7 (13. Ne2 $11) 13... Kxe7 $15 14. Ne2 cxd4 15. cxd4 Qa5+ 16. Qd2 Rhd8 {Hoping for ...Qxd2+.} 17. Qxa5 Nxa5 18. Ba2 Rac8 19. Kd2 Rc2+ 20. Ke3 Rb2 21. Rhc1 Bc2 22. Nc3 (22. d5 $15) 22... Nc6 23. Ne2 Rd7 $36 {[%mdl 2048] Black is on the roll.} 24. Bc4 {[#]} Na5 $1 {[%cal Ra5c4]} 25. Bd3 Nb3 26. Bxc2 (26. Rxc2 $17 {is the only way for White.} Rxc2 27. Rb1 Rxe2+ {[%mdl 64] Remove Defender} 28. Kxe2 Nxd4+ 29. Ke3) 26... Nxa1 $19 27. Ba4 {[#]} b5 $1 28. Bxb5 Rxb5 29. Rxa1 Rc7 30. Nf4 g6 31. Nd3 Rb3 32. Ke4 Rc2 {Accuracy: White = 51%, Black = 87%.} 0-1

[Event "1.FrauenBL 2019-20"]
[Site "Baden-Baden"]
[Date "2020.02.01"]
[Round "5.2"]
[White "Paehtz, Elisabeth"]
[Black "Nguyen, Ha Thanh"]
[Result "1-0"]
[WhiteElo "2467"]
[BlackElo "1980"]
[Annotator "TA"]
[PlyCount "119"]
[EventDate "2019.09.14"]
[EventType "team-tourn"]
[EventCountry "GER"]
[SourceTitle "playchess.com"]
[Source "ChessBase"]
[SourceQuality "1"]
[WhiteTeam "BAD"]
[BlackTeam "ERF"]

{[%evp 19,119,41,83,74,75,74,79,81,98,80,87,64,104,79,113,104,113,111,113,117,127,127,100,115,161,132,197,179,269,256,284,299,297,243,242,239,327,211,216,144,505,113,158,141,156,142,139,117,98,126,121,0,0,0,45,52,153,-25,0,-8,0,0,0,0,0,0,33,0,29,11,55,46,77,58,79,0,0,-7,-12,-8,0,0,125,111,352,372,378,382,387,324,387,243,372,368,368,348,299,225,29977,29977,29986,29987]} 1. e4 c5 2. Nf3 Nc6 3. d4 cxd4 4. Nxd4 g6 5. c4 Bg7 6. Be3 Nf6 7. Nc3 O-O 8. Be2 d6 9. O-O Bd7 10. Nc2 Qc8 11. f3 {B38: Sicilian: Maroczy Bind with 5...Bg7 and 7...0-0} b6 12. Qd2 Re8 13. Rac1 {White is better.} Qb7 14. Rfd1 Rac8 15. b3 Ne5 16. Kh1 h5 {[#]} 17. h3 $146 ({Predecessor:} 17. Nb4 h4 18. Kg1 h3 19. g3 Nh5 20. Kf2 f5 21. Nbd5 Nf6 22. Nxf6+ Bxf6 23. Qd5+ Qxd5 24. exd5 {½-½ (35) Von Angern,C-Fleischmann,T (1868) Blankenburg 2013}) 17... Kh7 18. f4 Nc6 19. Bf3 Qb8 20. Nd5 Rcd8 21. Na3 Qc8 {Black wants to play ...Bxh3.} 22. Kg1 Be6 (22... Qb8 $16 {was worth a try.} 23. Nb5 Bc8) 23. Nb5 $18 Qd7 (23... Qb8 $142 24. Qf2 Rc8) 24. Qf2 Bxd5 25. cxd5 ({Resist} 25. exd5 $6 Nb4 $18) 25... Nb8 26. a4 Rc8 27. e5 Ng8 28. Be4 Nh6 29. Bd4 {Black must now prevent e6!} a6 $2 {[%mdl 8192]} (29... Rxc1 $16 30. Rxc1 Rc8) 30. Na3 $2 (30. e6 $1 $18 {[%cal Re6d7] and the rest is easy.} fxe6 31. Bxg6+ $1 {[%mdl 512]} Kxg6 32. Qg3+ Ng4 33. hxg4) 30... dxe5 31. fxe5 Rxc1 32. Rxc1 {aiming for Nc4.} Rc8 33. Rf1 {Strongly threatening Nc4.} b5 34. axb5 axb5 35. Qe2 ({White should try} 35. Nc2 $16) 35... Nc6 $1 $11 {[%cal Rc6d4][%mdl 64] Double Attack} 36. Nxb5 Nxd4 37. Nxd4 Bxe5 {[#]} (37... Qa7 $14 38. Rd1 f5 39. exf6 Bxf6) 38. Nc6 $2 (38. Bxg6+ $1 $16 {[%mdl 512]} fxg6 39. Qxe5) 38... Bg7 (38... Bd6 {looks sharper.} 39. b4 Re8 40. Qe3 Bc7 41. b5 e6) 39. Qc4 Re8 40. b4 {[%cal Bb3b4,Bb4b5,Bb5b6][%mdl 32]} f5 41. Bf3 Nf7 42. b5 Nd6 43. Qc5 Bf6 44. b6 Rc8 45. Re1 Qb7 46. Kh1 $36 {[%mdl 2048] White fights for an advantage.} Ra8 47. Na5 (47. Rb1 $16) 47... Qa6 48. b7 Nxb7 49. Rxe7+ Bxe7 50. Qxe7+ {[%mdl 64] Double Attack} Kh6 (50... Kh8 $11 {keeps the balance.} 51. Nxb7 Qa1+ 52. Kh2 Qd4) 51. Nxb7 $16 {Hoping for Qe3+.} Qf1+ $2 {[%mdl 8192]} (51... Qb6 $16) 52. Kh2 $18 Ra1 53. Nd6 Qg1+ 54. Kg3 {Threatening mate with Nf7+.} f4+ 55. Kxf4 {Intending Nf7+ and mate.} Qh2+ 56. g3 Qd2+ 57. Ke5 {White threatens Nf7+ and mate.} Qc3+ 58. Ke6 {White wants to mate with Nf7+.} ({Much less strong is} 58. Kf4 $6 Qd2+ 59. Ke5 Qe3+ 60. Be4 Qxg3+ 61. Ke6 Ra6 $16) 58... Re1+ $2 (58... Ra6 $18 59. Qf8+ Kh7) 59. Be4 Qxg3 60. Nf7+ {Accuracy: White = 70%, Black = 48%.} 1-0

[Event "1.FrauenBL 2019-20"]
[Site "Baden-Baden"]
[Date "2020.02.01"]
[Round "5.3"]
[White "Reuter, Elisa"]
[Black "Zatonskih, Anna"]
[Result "0-1"]
[WhiteElo "1864"]
[BlackElo "2425"]
[Annotator "TA"]
[PlyCount "90"]
[EventDate "2019.09.14"]
[EventType "team-tourn"]
[EventCountry "GER"]
[SourceTitle "playchess.com"]
[Source "ChessBase"]
[SourceQuality "1"]
[WhiteTeam "ERF"]
[BlackTeam "BAD"]

{[%evp 15,90,6,53,39,34,19,36,31,20,0,0,-6,-6,-23,-5,-31,-29,-44,-31,-43,-41,-99,-10,-38,-19,-93,-70,-69,-46,-110,-110,-123,-123,-123,-123,-114,-71,-76,-53,-58,-16,-123,-123,-123,0,-123,-54,-54,-54,-54,-54,-91,-61,-62,-54,-122,-62,-148,-162,-262,-262,-263,-251,-457,-420,-594,-585,-1313,-1022,-2310,-2427,-2238,-2295,-1867,-1815,-2231,-2077]} 1. e4 e6 2. d4 d5 3. Nc3 Bb4 4. e5 Qd7 5. a3 Bxc3+ 6. bxc3 b6 7. Qg4 f5 8. Qh5+ g6 (8... Qf7 {with more complications.} 9. Qd1 Nc6 10. Nh3 Nge7 11. a4 Bb7) 9. Qd1 {C16: French: 3 Nc3 Bb4 4 e5: Lines without ...c5} (9. Qh4 {feels hotter.} h6 10. a4 Nc6 11. Bb5 a6 12. Bd3) 9... Ba6 10. Bxa6 Nxa6 11. Qd3 {White is slightly better.} Nb8 {[%cal Ba6b8,Bb8c6,Bc6a5,Ba5c4][%mdl 32]} 12. h4 h6 {[#]} 13. Be3 $146 ({Predecessor:} 13. a4 Nc6 14. Qg3 Qf7 15. Nh3 O-O-O 16. Ba3 Nge7 17. Bxe7 Nxe7 18. a5 Nc6 19. axb6 cxb6 {½-½ (43) Kosanovic,G (2420)-Dimitrov,V (2495) Nis 1996}) 13... Nc6 14. Nf3 Na5 15. Nd2 Qa4 16. O-O Nc4 17. Nxc4 dxc4 18. Qe2 (18. Qd2 $15) 18... Qc6 (18... Ne7 $17) 19. Rab1 a5 20. f4 (20. Qd2 $11 {remains equal.}) 20... Ne7 $17 21. Ra1 Qe4 (21... Qa4 {keeps more tension.} 22. Rfc1 Nd5 23. Bd2 O-O-O 24. Qf3 Kb8) 22. Qf3 (22. Rfe1 $15) 22... Qxf3 23. Rxf3 Nd5 24. Bd2 Kd7 25. Kf2 b5 26. Rb1 Rab8 27. Rg3 Rhg8 28. Rf3 (28. h5 $1 $11 {was the only way to keep the balance.}) 28... Kc6 29. Ke2 Kd7 30. Kf2 $1 {[#]} c5 $1 {[%mdl 512]} 31. dxc5 $15 Kc6 32. Ke2 Kxc5 33. Be3+ Kc6 34. Bd2 Rb7 35. Rb2 (35. Rg3 $15) 35... Kc5 ({Better is} 35... Nb6 $17 36. Rb1 Rd7) 36. Be3+ (36. Rb1 $15) 36... Nxe3 $17 37. Kxe3 {[%mdl 4096] Endgame KRR-KRR} (37. Rxe3 {only move.} g5 38. hxg5) 37... g5 $19 38. hxg5 hxg5 39. g3 $2 (39. Rh3 {might work better.}) 39... gxf4+ 40. gxf4 (40. Kxf4 {was worth a try.} Rg4+ 41. Ke3) 40... Rh7 {Black is clearly winning.} 41. Rb1 Rg2 {[#] ...Rhh2 is the strong threat.} 42. Rf2 Rh3+ 43. Ke2 Rxf2+ 44. Kxf2 Rxc3 45. Rb2 Rxa3 {Accuracy: White = 41%, Black = 76%.} 0-1

[Event "1.FrauenBL 2019-20"]
[Site "Baden-Baden"]
[Date "2020.02.01"]
[Round "5.4"]
[White "Kovalevskaya, Ekaterina"]
[Black "Mueller-Ludwig, Kristin"]
[Result "1-0"]
[WhiteElo "2407"]
[BlackElo "2103"]
[Annotator "TA"]
[PlyCount "45"]
[EventDate "2019.09.14"]
[EventType "team-tourn"]
[EventCountry "GER"]
[SourceTitle "playchess.com"]
[Source "ChessBase"]
[SourceQuality "1"]
[WhiteTeam "BAD"]
[BlackTeam "ERF"]

{[%evp 16,45,29,16,26,24,34,25,47,62,70,61,103,95,115,72,121,123,127,119,122,92,249,254,437,297,439,370,794,737,691,708]} 1. Nf3 Nf6 2. g3 g6 3. Bg2 Bg7 4. O-O O-O 5. d4 d6 6. Re1 Nbd7 7. e4 e5 8. Nc3 Re8 9. h3 a6 {B07: Pirc Defence: Miscellaneous Systems} 10. a4 a5 11. Be3 {[#]} c6 $146 {White has an edge.} ({Predecessor:} 11... b6 12. Qd2 Bb7 13. d5 Nc5 14. Bg5 Qd7 15. Bf1 Rf8 16. Kh2 Ba6 17. Bxa6 Rxa6 {1-0 (47) Garcia Palermo,C (2465)-Weber,M (2112) Porto Mannu 2008}) 12. Qd2 Qc7 13. Rad1 h5 14. Ng5 Nh7 15. d5 c5 16. Nb5 Qb6 17. Nxh7 Kxh7 18. f4 Nb8 $2 (18... exf4 $16 {is a better defense.} 19. gxf4 Nf6) 19. Rf1 $18 f5 $2 (19... Nd7 20. Rf2 Rf8) 20. fxe5 Bxe5 (20... Rxe5 $142 21. Bf4 Qd8 22. Bxe5 Bxe5) 21. Qe2 {[#] Hoping for exf5.} Rf8 $2 (21... Kg8 22. c4 (22. exf5 Bxf5 23. Rxf5 gxf5 $18) 22... Na6 23. exf5 Bxf5 24. Rxf5 gxf5) 22. exf5 Bxf5 23. g4 {Accuracy: White = 76%, Black = 26%.} 1-0

[Event "1.FrauenBL 2019-20"]
[Site "Baden-Baden"]
[Date "2020.02.01"]
[Round "5.5"]
[White "Troyke, Doreen"]
[Black "Tammert, Iamze"]
[Result "0-1"]
[WhiteElo "2021"]
[BlackElo "2292"]
[Annotator "ChessBase"]
[PlyCount "64"]
[EventDate "2019.09.14"]
[EventType "team-tourn"]
[EventCountry "GER"]
[SourceTitle "playchess.com"]
[Source "ChessBase"]
[SourceQuality "1"]
[WhiteTeam "ERF"]
[BlackTeam "BAD"]
[TimeControl "40/5400+30:1800+30"]

1. c4 {[%emt 0:00:30]} Nf6 {[%emt 0:00:30]} 2. g3 {[%emt 0:00:00]} d5 {[%emt 0:00:30]} 3. Bg2 {[%emt 0:01:00]} g6 {[%emt 0:01:30]} 4. cxd5 {[%emt 0:01:30]} Nxd5 {[%emt 0:00:00]} 5. Nc3 {[%emt 0:00:30]} Nxc3 {[%emt 0:00:00]} 6. bxc3 {[%emt 0:00:00]} Bg7 {[%emt 0:00:30]} 7. Nf3 {[%emt 0:02:00]} O-O {[%emt 0:00:30]} 8. O-O {[%emt 0:01:30]} c5 {[%emt 0:02:30]} 9. d4 {[%emt 0:09:30]} cxd4 {[%emt 0:02:30]} 10. cxd4 {[%emt 0:00:30]} Nc6 {[%emt 0:00:30]} 11. e3 {[%emt 0:03:30]} Be6 {[%emt 0:04:30]} 12. Qa4 {[%emt 0:03:30]} Bd5 {[%emt 0:28:30]} 13. Rb1 {[%emt 0:14:30]} Rb8 {[%emt 0:09:30]} 14. Rd1 {[%emt 0:10:30]} Re8 {[%emt 0:06:30]} 15. Rb5 {[%emt 0:04:30]} a6 {[%emt 0:01:30]} 16. Rc5 {[%emt 0:01:30]} e6 {[%emt 0:02:30]} 17. Bd2 {[%emt 0:13:30]} Bf8 {[%emt 0:07:30]} 18. Rcc1 {[%emt 0:00:30]} Qd6 {[%emt 0:02:30]} 19. e4 {[%emt 0:06:30]} Bxe4 {[%emt 0:00:30]} 20. Bf4 {[%emt 0:00:30]} Qa3 {[%emt 0:00:00]} 21. Qxa3 {[%emt 0:04:30]} Bxa3 {[%emt 0:00:00]} 22. Rxc6 {[%emt 0:10:55]} Bxc6 {[%emt 0:00:30]} 23. Bxb8 {[%emt 0:01:24]} Rxb8 {[%emt 0:00:00]} 24. Ne5 {[%emt 0:00:39]} Bxg2 {[%emt 0:00:00]} 25. Kxg2 {[%emt 0:00:03]} Rc8 {[%emt 0:00:30]} 26. Rd3 {[%emt 0:01:16]} Bb2 {[%emt 0:05:30]} 27. Rb3 {[%emt 0:02:31]} Bxd4 {[%emt 0:02:30]} 28. Nf3 {[%emt 0:00:09]} Bf6 {[%emt 0:00:30]} 29. Rxb7 {[%emt 0:00:25]} Rc2 {[%emt 0:00:30]} 30. g4 {[%emt 0:02:19]} h6 {[%emt 0:00:30]} 31. h4 {[%emt 0:01:09]} g5 {[%emt 0:00:30]} 32. hxg5 {[%emt 0:00:12]} hxg5 {[%emt 0:00:30]} 0-1

[Event "1.FrauenBL 2019-20"]
[Site "Baden-Baden"]
[Date "2020.02.01"]
[Round "5.6"]
[White "Heinemann, Josefine"]
[Black "Umpfenbach, Carolin"]
[Result "1-0"]
[WhiteElo "2317"]
[BlackElo "2073"]
[Annotator "ChessBase"]
[PlyCount "67"]
[EventDate "2019.09.14"]
[EventType "team-tourn"]
[EventCountry "GER"]
[SourceTitle "playchess.com"]
[Source "ChessBase"]
[SourceQuality "1"]
[WhiteTeam "BAD"]
[BlackTeam "ERF"]
[TimeControl "40/5400+30:1800+30"]

1. e4 {[%emt 0:00:30]} e6 {[%emt 0:00:30]} 2. d4 {[%emt 0:00:00]} b6 {[%emt 0:00:00]} 3. Bd3 {[%emt 0:00:00]} Bb7 {[%emt 0:01:00]} 4. Nf3 {[%emt 0:02:30]} c5 {[%emt 0:05:30]} 5. c3 {[%emt 0:02:30]} cxd4 {[%emt 0:02:30]} 6. cxd4 {[%emt 0:01:30]} Bb4+ {[%emt 0:05:30]} 7. Bd2 {[%emt 0:01:30]} Bxd2+ {[%emt 0:01:30]} 8. Nbxd2 {[%emt 0:00:30]} Ne7 {[%emt 0:01:30]} 9. O-O {[%emt 0:00:30]} O-O {[%emt 0:11:30]} 10. Qe2 {[%emt 0:04:30]} f5 {[%emt 0:11:30]} 11. e5 {[%emt 0:06:30]} Nd5 {[%emt 0:00:30]} 12. g3 {[%emt 0:03:30]} Nc6 {[%emt 0:03:30]} 13. a3 {[%emt 0:00:30]} g5 {[%emt 0:02:30]} 14. h3 {[%emt 0:05:30]} Qe7 {[%emt 0:07:30]} 15. Nc4 {[%emt 0:05:30]} Rad8 {[%emt 0:00:30]} 16. Nd6 {[%emt 0:00:30]} Ba8 {[%emt 0:00:30]} 17. Bc4 {[%emt 0:01:30]} Na5 {[%emt 0:01:30]} 18. Ba2 {[%emt 0:05:30]} Qg7 {[%emt 0:04:30]} 19. Rac1 {[%emt 0:03:30]} Ne7 {[%emt 0:07:30]} 20. Rc7 {[%emt 0:06:30]} Kh8 {[%emt 0:03:30]} 21. Rd1 {[%emt 0:03:30]} Qh6 {[%emt 0:02:30]} 22. Kh2 {[%emt 0:06:30]} g4 {[%emt 0:08:24]} 23. Nh4 {[%emt 0:04:30]} Ng6 {[%emt 0:06:51]} 24. Nxg6+ {[%emt 0:00:30]} hxg6 {[%emt 0:00:04]} 25. d5 {[%emt 0:00:30]} Qxh3+ {[%emt 0:01:02]} 26. Kg1 {[%emt 0:00:00]} f4 {[%emt 0:04:59]} 27. gxf4 {[%emt 0:02:00]} Rxf4 {[%emt 0:00:53]} 28. Rd3 {[%emt 0:00:30]} Rf3 {[%emt 0:01:41]} 29. Nf7+ {[%emt 0:02:30]} Kg7 {[%emt 0:00:16]} 30. Nxd8 {[%emt 0:02:30]} Rxd3 {[%emt 0:00:48]} 31. Nxe6+ {[%emt 0:00:00]} Kh6 {[%emt 0:00:53]} 32. Nf4 {[%emt 0:00:00]} Qf3 {[%emt 0:01:38]} 33. Qxd3 {[%emt 0:00:30]} Qxf4 {[%emt 0:00:31]} 34. Qe3 {[%emt 0:00:00]} 1-0

[Event "1.FrauenBL 2019-20"]
[Site "Baden-Baden"]
[Date "2020.02.01"]
[Round "5.7"]
[White "Sieber, Fiona"]
[Black "Muetsch, Annmarie"]
[Result "0-1"]
[WhiteElo "2245"]
[BlackElo "2227"]
[Annotator "ChessBase"]
[PlyCount "96"]
[EventDate "2019.09.14"]
[EventType "team-tourn"]
[EventCountry "GER"]
[SourceTitle "playchess.com"]
[Source "ChessBase"]
[SourceQuality "1"]
[WhiteTeam "LEH"]
[BlackTeam "KSF"]
[TimeControl "40/5400+30:1800+30"]

1. e4 {[%emt 0:00:00]} c5 {[%emt 0:00:00]} 2. Nf3 {[%emt 0:00:00]} Nc6 {[%emt 0:00:00]} 3. d4 {[%emt 0:00:00]} cxd4 {[%emt 0:00:00]} 4. Nxd4 {[%emt 0:00:00]} e5 {[%emt 0:00:00]} 5. Nb5 {[%emt 0:00:00]} d6 {[%emt 0:00:00]} 6. N1c3 {[%emt 0:00:00]} a6 {[%emt 0:00:00]} 7. Na3 {[%emt 0:00:00]} b5 {[%emt 0:00:00]} 8. Nd5 {[%emt 0:00:00]} Nge7 {[%emt 0:00:00]} 9. c4 {[%emt 0:00:00]} Nxd5 {[%emt 0:00:00]} 10. cxd5 {[%emt 0:00:00]} Nd4 {[%emt 0:00:00]} 11. Bd3 {[%emt 0:00:00]} g6 {[%emt 0:00:00]} 12. O-O {[%emt 0:00:00]} Bg7 {[%emt 0:00:00]} 13. Nc2 {[%emt 0:00:00]} O-O {[%emt 0:00:00]} 14. Be3 {[%emt 0:00:00]} Kh8 {[%emt 0:00:00]} 15. Qd2 {[%emt 0:03:30]} f5 {[%emt 0:00:00]} 16. exf5 {[%emt 0:06:30]} Nxf5 {[%emt 0:00:00]} 17. Bg5 {[%emt 0:04:30]} Qb6 {[%emt 0:00:30]} 18. Rac1 {[%emt 0:16:30]} Bd7 {[%emt 0:04:30]} 19. Bxf5 {[%emt 0:12:30]} gxf5 {[%emt 0:11:30]} 20. Be3 {[%emt 0:01:30]} Qb7 {[%emt 0:04:30]} 21. f4 {[%emt 0:01:30]} a5 {[%emt 0:08:30]} 22. fxe5 {[%emt 0:04:30]} dxe5 {[%emt 0:02:30]} 23. Rfd1 {[%emt 0:12:30]} f4 {[%emt 0:16:30]} 24. Bc5 {[%emt 0:01:30]} Rfc8 {[%emt 0:09:30]} 25. Ne1 {[%emt 0:00:30]} Bg4 {[%emt 0:04:30]} 26. Nf3 {[%emt 0:01:30]} e4 {[%emt 0:09:30]} 27. Qxf4 {[%emt 0:07:30]} Bxf3 {[%emt 0:22:08]} 28. gxf3 {[%emt 0:00:30]} Rxc5 {[%emt 0:00:57]} 29. Rxc5 {[%emt 0:01:30]} Bd4+ {[%emt 0:00:30]} 30. Rxd4 {[%emt 0:01:30]} Qg7+ {[%emt 0:00:06]} 31. Kf1 {[%emt 0:13:09]} Qxd4 {[%emt 0:03:35]} 32. Rc6 {[%emt 0:02:24]} Qd1+ {[%emt 0:02:49]} 33. Kf2 {[%emt 0:00:03]} Qd4+ {[%emt 0:01:16]} 34. Kf1 {[%emt 0:00:16]} Qd1+ {[%emt 0:00:46]} 35. Kf2 {[%emt 0:07:48]} Qd4+ {[%emt 0:00:31]} 36. Kg3 {[%emt 0:00:01]} Qg7+ {[%emt 0:01:35]} 37. Kh4 {[%emt 0:01:03]} exf3 {[%emt 0:01:22]} 38. Rc7 {[%emt 0:03:22]} Rf8 {[%emt 0:00:10]} 39. Qd6 {[%emt 0:01:41]} Qd4+ {[%emt 0:00:55]} 40. Kh3 {[%emt 0:00:02]} Rg8 {[%emt 0:00:00]} 41. Qe6 {[%emt 0:00:00]} Qxb2 {[%emt 0:00:00]} 42. Rc2 {[%emt 0:00:00]} Qg7 {[%emt 0:00:00]} 43. Qe4 {[%emt 0:00:00]} b4 {[%emt 0:00:00]} 44. Qf4 {[%emt 0:06:11]} Rf8 {[%emt 0:00:00]} 45. Qe3 {[%emt 0:02:30]} Qd7+ {[%emt 0:00:50]} 46. Kg3 {[%emt 0:01:30]} Rg8+ {[%emt 0:03:30]} 47. Kxf3 {[%emt 0:01:30]} Qh3+ {[%emt 0:00:30]} 48. Kf2 {[%emt 0:04:34]} Rg2+ {[%emt 0:00:30]} 0-1

[Event "1.FrauenBL 2019-20"]
[Site "Baden-Baden"]
[Date "2020.02.01"]
[Round "5.8"]
[White "Georgescu, Lena"]
[Black "Newrkla, Katharina"]
[Result "1/2-1/2"]
[WhiteElo "2285"]
[BlackElo "2238"]
[Annotator "NA"]
[PlyCount "106"]
[EventDate "2019.09.14"]
[EventType "team-tourn"]
[EventCountry "GER"]
[SourceTitle "playchess.com"]
[Source "ChessBase"]
[SourceQuality "1"]
[WhiteTeam "KSF"]
[BlackTeam "LEH"]
[TimeControl "40/5400+30:1800+30"]

1. e4 {[%emt 0:00:30]} c5 {[%emt 0:00:30]} 2. Nf3 {[%emt 0:00:00]} d6 {[%emt 0:00:00]} 3. d4 {[%emt 0:00:00]} cxd4 {[%emt 0:00:00]} 4. Nxd4 {[%emt 0:00:00]} Nf6 {[%emt 0:00:00]} 5. Nc3 {[%emt 0:00:00]} a6 {[%emt 0:00:00]} 6. Be3 {[%emt 0:00:00]} e5 {[%emt 0:00:30]} 7. Nb3 {[%emt 0:00:00]} Be7 {[%emt 0:00:30]} 8. h3 {[%emt 0:00:00] B90: Sicilian Najdorf: Unusual White 6th moves, 6 Be3 Ng4 and 6 Be3 e5} Be6 {[%emt 0:01:30]} 9. f4 {[%emt 0:00:00]} exf4 {[%emt 0:00:30]} 10. Bxf4 {[%emt 0:00:30]} Nc6 {[%emt 0:00:30]} 11. Qe2 {[%emt 0:00:30]} Ne5 {[%emt 0:10:30]} 12. O-O-O {[%emt 0:05:30]} Qc7 {[%emt 0:04:30]} 13. Nd4 {[%emt 0:07:30]} Rc8 {[%emt 0:02:30]} 14. Kb1 {[%emt 0:14:30]} Qa5 {[%emt 0:09:30]} 15. Nb3 {[%emt 0:05:30]} Qc7 {[%emt 0:06:30]} 16. g4 {[%emt 0:01:30] [#]} Nc4 $146 {[%emt 0:06:30]} ({Predecessor:} 16... O-O 17. g5 Nfd7 18. Nd5 Bxd5 19. exd5 Rfe8 20. Qg2 Bf8 21. h4 g6 22. h5 Bg7 23. hxg6 hxg6 24. Rh3 Nb6 {1-0 (30) Mastrovasilis,D (2594)-Piesik,P (2409) Katowice 2019}) 17. Nd5 {[%emt 0:16:30]} Bxd5 {[%emt 0:02:30]} 18. exd5 {[%emt 0:00:00]} O-O {[%emt 0:00:30]} 19. Qxc4 {[%emt 0:11:00]} Qxc4 {[%emt 0:02:30]} 20. Bxc4 {[%emt 0:00:00]} Rxc4 {[%emt 0:00:00]} 21. Bh2 {[%emt 0:00:00]} Rfc8 {[%emt 0:15:00]} 22. c3 {[%emt 0:07:30]} Bf8 {[%emt 0:14:30]} 23. Nd2 {[%emt 0:04:30]} R4c7 {[%emt 0:01:30]} 24. c4 {[%emt 0:02:30]} b5 {[%emt 0:00:30]} 25. b3 {[%emt 0:01:30]} (25. g5 $5 {[%cal Rg5f6]} Ne8 26. b3 $14) 25... Rb7 {[%emt 0:03:42]} 26. Rc1 $11 {[%emt 0:03:30]} bxc4 {[%emt 0:10:01]} 27. Nxc4 {[%emt 0:00:30]} Nxd5 {[%emt 0:00:16]} 28. Nxd6 {[%emt 0:01:23]} Rxc1+ {[%emt 0:00:05]} 29. Rxc1 {[%emt 0:01:06]} Bxd6 {[%emt 0:04:29]} 30. Bxd6 {[%emt 0:00:07]} f6 {[%emt 0:00:20]} 31. Rc6 {[%emt 0:02:44]} Rb6 {[%emt 0:04:13]} 32. Rc8+ {[%emt 0:07:26]} Kf7 {[%emt 0:00:06]} 33. Rd8 {[%emt 0:00:16]} Nc3+ {[%emt 0:01:16]} 34. Kb2 {[%emt 0:01:12]} Ne4 {[%emt 0:00:13]} 35. Bf4 {[%emt 0:03:46]} Rc6 {[%emt 0:01:11]} 36. Rd3 {[%emt 0:05:07]} g5 {[%emt 0:00:16]} 37. Be3 {[%emt 0:00:30]} Kg6 {[%emt 0:00:26]} 38. b4 {[%emt 0:00:50]} f5 {[%emt 0:00:29]} 39. gxf5+ {[%emt 0:00:10]} Kxf5 {[%emt 0:00:04]} 40. Rd5+ {[%emt 0:00:54]} Kf6 {[%emt 0:00:00]} 41. Rd8 {[%emt 0:10:29]} Rd6 {[%emt 0:14:19]} 42. Rxd6+ {[%emt 0:14:57]} Nxd6 {[%emt 0:00:05]} 43. Kc3 {[%emt 0:00:08]} h5 {[%emt 0:02:00]} 44. a4 {[%emt 0:00:33]} g4 {[%emt 0:00:45]} 45. hxg4 {[%emt 0:00:25]} hxg4 {[%emt 0:00:05]} 46. Bf4 {[%emt 0:03:03]} Ke6 {[%emt 0:01:19]} 47. Kd4 {[%emt 0:01:48]} Kd7 {[%emt 0:10:48]} 48. Kc5 {[%emt 0:01:32]} Ne4+ {[%emt 0:00:14]} 49. Kb6 {[%emt 0:01:15]} Nc3 {[%emt 0:00:07]} 50. Kxa6 {[%emt 0:01:12]} Nxa4 {[%emt 0:00:06]} 51. Be5 {[%emt 0:00:32]} Ke6 {[%emt 0:03:19]} 52. Bg3 {[%emt 0:00:19]} Nc3 {[%emt 0:00:33]} 53. b5 {[%emt 0:00:18]} Nxb5 {[%emt 0:00:05]} 1/2-1/2